| 000 | 00455nam a2200157Ia 4500 | ||
|---|---|---|---|
| 999 |
_c20639 _d20639 |
||
| 003 | OSt | ||
| 005 | 20200619142145.0 | ||
| 008 | 190216s9999||||xx |||||||||||||| ||und|| | ||
| 040 | _coclc | ||
| 082 |
_a954.03 _bKHU/M |
||
| 100 |
_aKhurana, K L _93055 |
||
| 245 | 0 |
_aModern India (1707-1967) / _cK L Khurana |
|
| 260 |
_bLakshmi Narain Agarwal Pub, _c1998. _aAgra: |
||
| 300 | _a344p | ||
| 942 |
_cBK _2ddc _h954.03 _iKHU/M _k954.03 _mKHU/M |
||